000 01033nam0a2200289 4500
001 RU\NLR\BIBL_A\011940597
005 20190305154354.0
010 _a978-5-907117-11-2
_9300
021 _aRU
_bКН-П-19-011572
_9КН-П-19-0860
035 _a(NLR Aleph) 011940597
090 _a11089592
_c11089592
100 _a20190219d2018 k y0rusy50 ca
101 0 _arus
102 _aRU
105 _aa|||z|||000zy
200 1 _aГрамматика прилагательного
_eтипология адъективности и атрибутивности
_e[монография]
_fП. В. Гращенков
210 _aМосква
_cЯСК
_d2018
215 _a429 с.
_cил.
_d22
320 _aБиблиогр.: с. 405-426
606 1 _aПрилагательное
_91695688
_3RU\NLR\AUTH\66754313
686 1 _aШ102.123
700 1 _aГращенков
_bП. В.
_gПавел Валерьевич
942 _cBOOK
980 _aNBR
980 _aNB